|
|
|
|
| LEADER |
00833nam a22002412a 4500 |
| 001 |
000463110 |
| 003 |
CZ BrMZK |
| 005 |
20000105143423.0 |
| 007 |
ta |
| 008 |
000105s1947 xr f cze d |
| 015 |
|
|
|a cnb000660792
|
| 035 |
|
|
|a (OCoLC)85427026
|
| 040 |
|
|
|a BOA001
|b cze
|
| 100 |
1 |
|
|a Haas, Antonín,
|d 1910-1971
|7 jk01032878
|
| 245 |
1 |
0 |
|a Katalog listin z let 1378-1437 /
|c Antonín Haas.
|
| 260 |
|
|
|a Praha,
|c 1947
|
| 300 |
|
|
|a 301 s.
|
| 490 |
1 |
|
|a Český zemský archiv. Archiv Koruny České ;
|v 5
|
| 830 |
|
0 |
|a Český zemský archiv. Archiv Koruny České
|
| 910 |
|
|
|a BOA001
|b 3-0108.936,5
|
| 990 |
|
|
|a BK
|
| 996 |
7 |
|
|b 2619750404
|c 3-0108.936,5
|l MZK
|r Sklad / do 1 hodiny
|n 6
|w 000463110
|u 000020
|a 1
|e BOA001
|j MZK50
|s A
|
| 996 |
7 |
|
|b 2619756564
|c 3-0108.936,5
|l MZK
|r Sklad / do 1 hodiny
|n 16
|w 000463110
|u 000010
|a 1
|e BOA001
|j MZK50
|s A
|